Statistics for Errol Flynn Filmography

Click here to take the quiz!

General Stats

  • This quiz has been taken 29 times
    (20 since last reset)
  • The average score is 12 of 82

Answer Stats

TypeYearName% Correct
Film1935Captain Blood
83%
Film1938The Adventures of Robin Hood
83%
Film1940The Sea Hawk
83%
Film1939Dodge City
67%
Film1942Gentleman Jim
67%
Film1936The Charge of the Light Brigade
67%
Film1948Adventures of Don Juan
50%
Film1945Objective, Burma!
50%
Film1939The Private Lives of Elizabeth and Essex
50%
Film1941They Died with Their Boots On
50%
Film1959Cuban Rebel Girls
33%
Film1940Santa Fe Trail
33%
Film1938The Dawn Patrol
33%
Film1953The Master of Ballantrae
33%
Film1958The Roots of Heaven
33%
Film1940Virginia City
33%
Film1952Against All Flags
17%
Film1937Another Dawn
17%
Film1942Desperate Journey
17%
Film1941Dive Bomber
17%
Film1935Don't Bet on Blondes
17%
Film1943Edge of Darkness
17%
Film1947Escape Me Never
17%
Film1941Footsteps in the Dark
17%
Film1933In the Wake of the Bounty
17%
Film1950Kim
17%
Film1935Murder at Monte Carlo
17%
Film1948Silver River
17%
Film1949That Forsyte Woman
17%
TheaterEarly 1930sThe Constant Nymph
17%
Film1955The Dark Avenger
17%
Film1937The Perfect Specimen
17%
Film1937The Prince and the Pauper
17%
Film1938The Sisters
17%
Film1957The Sun Also Rises
17%
Film1958Too Much, Too Soon
17%
Short Documentary1935A Dream Comes True
0%
Film1951Adventures of Captain Fabian
0%
Short Film1935All American Drawback
0%
Short Documentary1938Breakdowns of 1938
0%
Film1954Crossed Swords
0%
Short Documentary1952Cruise of the Zaca
0%
Film1947Cry Wolf
0%
Short Documentary1952Deep Sea Fishing
0%
Documentary1983Errol Flynn: Portrait of a Swashbuckler
0%
Short Documentary1938For Auld Lang Syne
0%
Film1938Four's a Crowd
0%
TV Show1959Goodyear Theatre
0%
Film1951Hello God
0%
Film1933I Adore You
0%
Film1957Istanbul
0%
Film1955King's Rhapsody
0%
Film1955Lilacs in the Spring
0%
Radio Series1939, 1941Lux Radio Theater
0%
Film1952Mara Maru
0%
Film1950Montana
0%
Film1946Never Say Goodbye
0%
Film1943Northern Pursuit
0%
TheaterEarly 1930sOthello
0%
Short Film1935Pirate Party on Catalina Isle
0%
TV Show1957Playhouse 90
0%
Film1950Rocky Mountain
0%
Film1945San Antonio
0%
TV Show1956Screen Directors Playhouse
0%
Short Documentary1943Show-Business at War
0%
TV Documentary2007Tasmanian Devil: The Fast and Furious Life of Errol Flynn
0%
TV Documentary2005The Adventures of Errol Flynn
0%
TV Show1957, 1958The Arthur Murray Party
0%
Radio Series1930s-1940sTheater of Romance
0%
Film1957The Big Boodle
0%
Film1935The Case of the Curious Bride
0%
Radio Series1930s-1940sThe Cavalcade of America
0%
TV Show1952The Colgate Comedy Hour
0%
TV Show1952The Ed Sullivan Show
0%
TV Show1956-1957The Errol Flynn Theatre
0%
Film1937The Green Light
0%
Film1947The Lady from Shanghai
0%
TV Show1956The Martha Raye Show
0%
Radio Series1952The Modern Adventures of Casanova
0%
TV Show1959The Red Skelton Hour
0%
Short Film1954The Story of William Tell
0%
Film1944Uncertain Glory
0%

Score Distribution

Percentile by Number Answered

Percent of People with Each Score

Your Score History

You have not taken this quiz since the last reset